000 00437nam a2200157 i 4500
001 99778
003 ES-MaACL
005 20230906182543.0
007 t|
008 050915s1974 sp ||||1| spa d
100 1 _aMartínez Cerezo, Antonio.
_977946
245 1 0 _aMedios de pago internacionales /
_cA. Martínez Cerezo.
260 _aMadrid :
_bPirámide,
_c1974.
300 _a284 p. ;
_c24 cm.
852 _aES-MaACL
_jC-56483
_bR.89296
999 _c99778
_d99778